Diccionario Espasa fotografía /

Kaydedildi:
Detaylı Bibliyografya
Yazar: Sánchez Vigil, Juan Miguel (dirección)
Diğer Yazarlar: Fontcuberta, Joan (prólogo) (prólogo)
Materyal Türü: Kitap
Dil:İspanyolca
Baskı/Yayın Bilgisi: Madrid, España : Espasa-Calpe, 2002, c2002
Seri Bilgileri:(Diccionarios Espasa)
Konular:
Etiketler: Etiketle
Etiket eklenmemiş, İlk siz ekleyin!

MARC

LEADER 00000nam^a2200000^a^4500
001 000183572
005 20250521000000.0
009 20260310102044.837
020 |a 84-670-0282-4 
037 |a Acervo ITESO - Biblioteca 
041 |a ESP 
082 |a 770. 3  |b SAN 
100 |a Sánchez Vigil, Juan Miguel  |e (dirección) 
245 1 0 |a Diccionario Espasa fotografía /  |c Dir. de J.M. Sánchez Vigil ; pról. de J. Fontcuberta. 
264 4 |a Madrid, España :  |b Espasa-Calpe,  |c 2002, c2002 
300 |a XII, 831 p. 
336 |a texto  |b txt  |2 rdacontenido 
337 |a sin mediación  |b n  |2 rdamedio 
338 |a volumen  |b nc  |2 rdasoporte 
440 1 |a (Diccionarios Espasa) 
649 |a XX 
650 |a Fotógrafos -  |x Biografías -  |x Enciclopedias y Diccionarios 
650 |a Artistas -  |x Biografías -  |x Enciclopedias y Diccionarios 
650 |a Fotografía -  |x Enciclopedias y Diccionarios -  |x Tema Principal 
650 |a Arte -  |x Enciclopedias y Diccionarios 
650 |a Enciclopedias y Diccionarios 
700 |a Fontcuberta, Joan  |e (prólogo) 
910 |a Fondo General 
920 |a Impresos - Libros 
930 |a Obras de Referencia 
905 |a 102 
901 |a 0500124003  |b IT2  |c REF  |u 20250521 
902 |a https://opac.biblio.iteso.mx/vufind/Record/000183572